Beyoncé Discography - Statistics

General Stats
  • This quiz has been taken 42 times
  • The average score is 55 of 92
Answer Stats
Hint Answer % Correct
Dangerously In Love Crazy In Love
94%
I AM...SASHA FIERCE Halo
88%
Dangerously In Love Dangerously In Love
85%
B'Day Deja Vu
82%
Lemonade Formation
82%
Lemonade Sorry
82%
Dangerously In Love Baby Boy
79%
BEYONCÉ Drunk in Love
79%
BEYONCÉ 7/11
76%
Lemonade Hold Up
76%
B'Day If
76%
4 1+1
74%
Dangerously In Love Daddy
74%
Lemonade Freedom
74%
I AM...SASHA FIERCE If I Were a Boy
74%
B'Day Irreplaceable
74%
4 Love On Top
74%
Dangerously In Love Naughty Girl
74%
4 Run the World (Girls)
74%
I AM...SASHA FIERCE Single Ladies (Put a Ring on It)
74%
Lemonade 6 Inch
71%
B'Day Beautiful Liar
71%
4 Best Thing I Never Had
71%
I AM...SASHA FIERCE Diva
71%
BEYONCÉ Pretty Hurts
71%
Lemonade Sandcastles
71%
B'Day Upgrade U
71%
BEYONCÉ Blow
68%
BEYONCÉ Blue
68%
Lemonade Daddy Lessons
68%
Lemonade Don't Hurt Yourself
68%
Lemonade Forward
68%
B'Day Get Me Bodied
68%
Lemonade Love Drought
68%
BEYONCÉ Partition
68%
Lemonade Pray You Catch Me
68%
B'Day Ring The Alarm
68%
I AM...SASHA FIERCE Sweet Dreams
68%
BEYONCÉ XO
68%
Lemonade All Night
65%
4 Party
65%
B'Day Suga Mama
65%
4 Dance for You
62%
BEYONCÉ ***Flawless
62%
B'Day Green Light
62%
BEYONCÉ Haunted
62%
4 I Care
62%
BEYONCÉ Jealous
62%
B'Day Kitty Kat
62%
Dangerously In Love Signs
62%
I AM...SASHA FIERCE Video Phone
62%
I AM...SASHA FIERCE Ego
59%
Dangerously In Love Me, Myself and I
59%
BEYONCÉ Mine
59%
BEYONCÉ No Angel
59%
Dangerously In Love Speechless
59%
4 End of Time
56%
B'Day Freakum Dress
56%
Dangerously In Love Gift From Virgo
56%
4 I Miss You
56%
B'Day Listen
56%
I AM...SASHA FIERCE Radio
56%
B'Day Resentment
56%
BEYONCÉ Rocket
56%
I AM...SASHA FIERCE Satellites
56%
BEYONCÉ Superpower
56%
BEYONCÉ Heaven
53%
Dangerously In Love Hip Hop Star
53%
4 Schoolin' Life
53%
I AM...SASHA FIERCE Broken-Hearted Girl
50%
4 I Was Here
50%
4 Rather Die Young
50%
Dangerously In Love Yes
50%
I AM...SASHA FIERCE Hello
47%
BEYONCÉ Ring Off
47%
I AM...SASHA FIERCE Smash Into You
47%
4 Start Over
47%
Dangerously In Love That's How You Like It
44%
B'Day Welcome To Hollywood
44%
I AM...SASHA FIERCE Why Don't You Love Me
44%
Dangerously In Love Beyoncé Interlude
41%
I AM...SASHA FIERCE Scared of Lonely
41%
Dangerously In Love Be With You
38%
B'Day Flaws and All
38%
I AM...SASHA FIERCE That's Why You're Beautiful
38%
Dangerously In Love The Closer I Get To You
38%
B'Day Amor Gitano
35%
B'Day World Wide Woman
35%
I AM...SASHA FIERCE Poison
32%
I AM...SASHA FIERCE Disapear
24%
I AM...SASHA FIERCE Ava Maria
18%
4 Countown
6%
No matching quizzes found
Score Distribution
Percent of People with Each Score
Percentile by Number Answered
Your Score History
You have not taken this quiz